Fateful events of 1947 : (Record no. 130872)
[ view plain ]
| 000 -LEADER | |
|---|---|
| fixed length control field | 00848nam a22002537a 4500 |
| 003 - CONTROL NUMBER IDENTIFIER | |
| control field | dpl |
| 005 - DATE AND TIME OF LATEST TRANSACTION | |
| control field | 20180523140527.0 |
| 008 - FIXED-LENGTH DATA ELEMENTS--GENERAL INFORMATION | |
| fixed length control field | 171207b xxu||||| |||| 00| 0 eng d |
| 010 ## - LIBRARY OF CONGRESS CONTROL NUMBER | |
| LC control number | BAC-05-12-17 B-128473 |
| 020 ## - INTERNATIONAL STANDARD BOOK NUMBER | |
| Terms of availability | 850.00 |
| International Standard Book Number | 8187471166 |
| 035 ## - SYSTEM CONTROL NUMBER | |
| System control number | B-128473, B-128477 |
| 037 ## - SOURCE OF ACQUISITION | |
| Source of stock number/acquisition | Cen Lib/Ret |
| 040 ## - CATALOGING SOURCE | |
| Original cataloging agency | DPL |
| Language of cataloging | EN |
| Transcribing agency | dpl |
| 082 ## - DEWEY DECIMAL CLASSIFICATION NUMBER | |
| Classification number | 954.08 |
| Item number | DAS |
| 100 ## - MAIN ENTRY--PERSONAL NAME | |
| Personal name | Das, M.N. |
| 9 (RLIN) | 20339 |
| 245 ## - TITLE STATEMENT | |
| Title | Fateful events of 1947 : |
| Statement of responsibility, etc | by M.N.Das |
| Remainder of title | the secret British game of divide and quit / |
| 260 ## - PUBLICATION, DISTRIBUTION, ETC. (IMPRINT) | |
| Place of publication, distribution, etc | New Delhi |
| Name of publisher, distributor, etc | Standard Publishers |
| Date of publication, distribution, etc | 2004 |
| 270 ## - ADDRESS | |
| Address | G-126/2, Rajapuri Main Road, Uttam Nagar |
| City | New Delhi |
| Postal code | 110059 |
| 300 ## - PHYSICAL DESCRIPTION | |
| Extent | xi, 492p. |
| Dimensions | 20cm(Hb) |
| 500 ## - GENERAL NOTE | |
| General note | Includes index |
| 650 ## - SUBJECT ADDED ENTRY--TOPICAL TERM | |
| Topical term or geographic name as entry element | India -- History -- Partition, 1947 |
| 9 (RLIN) | 26337 |
| 650 ## - SUBJECT ADDED ENTRY--TOPICAL TERM | |
| Topical term or geographic name as entry element | Geschichte 1947 |
| 9 (RLIN) | 30314 |
| 942 ## - ADDED ENTRY ELEMENTS (KOHA) | |
| Source of classification or shelving scheme | Dewey Decimal Classification |
| Koha item type | English Books |
| Classification part | 951.08 |
| Call number suffix | DAS |
| Withdrawn status | Lost status | Damaged status | Not for loan | Home library | Current library | Date acquired | Source of acquisition | Cost, normal purchase price | Total Checkouts | Full call number | Barcode | Date last seen | Date checked out | Copy number | Cost, replacement price | Price effective from | Koha item type | Source of classification or shelving scheme | Collection code |
|---|---|---|---|---|---|---|---|---|---|---|---|---|---|---|---|---|---|---|---|
| Central Library | Central Library | 10/07/2015 | Cen Lib/Ret | 850.00 | 1 | 954.08 DAS | B-128473 | 18/08/2017 | 05/08/2017 | 1 | 850.00 | 10/07/2015 | English Books | ||||||
| Shahdara Branch | Shahdara Branch | 23/05/2018 | BPPD/PUB | 850.00 | 951.08 DAS | B-128477 | 23/05/2018 | 845.00 | 23/05/2018 | English Books | Dewey Decimal Classification | Non-fiction |
